000 00286nam a2200121Ia 4500
008 190216s9999||||xx |||||||||||||| ||und||
100 _aKulshrestha V V
245 0 _aExperimental Physiology
260 _bVikas Publishing House
_c1977
300 _a147p
650 _aBotany
942 _cBK
999 _c1321
_d1321